000 00456nam a2200181Ia 4500
005 20250508150935.0
008 008 250505s9999 xx 000 0 eng d
037 _aTextual
040 _aFEDL
_beng
_cFEDL
041 _aeng
_2eng
084 _a709, ANA
_qFEDL
100 _aAdam L
245 0 _aPrimitive art
260 _aNew York, USA
_bPenguin Books
_c1942
300 _a127p.
942 _cTEXL
_h709, ANA
999 _c1326616
_d1326616